| 000 | 00636nam a2200229Ia 4500 | ||
|---|---|---|---|
| 001 | 887 | ||
| 003 | GE_BSU | ||
| 008 | 181216s||||||||xx |||||||||||||| ||und|| | ||
| 020 | _a5713301230 | ||
| 040 | _cGE_BSU | ||
| 080 | _a341 | ||
| 100 | _aЕрмишина,Е.В. | ||
| 245 | _aМеждународный обмен информацией. | ||
| 245 | _bПравовые аспекты | ||
| 260 | _aМосква | ||
| 260 | _bМеждународные отношения | ||
| 260 | _c1988 | ||
| 300 | _a143стр. | ||
| 541 | _h5л. | ||
| 653 | _aМеждународный обмен информацией. | ||
| 942 | _cBK | ||
| 999 |
_c35047 _d35047 |
||